000 00263nam a2200133Ia 4500
100 _aGage/W.L
942 _cBK
654 _aAnalysis
245 _aValue analysis
260 _bMc Graw Hill
_aLondon
_c1967
082 _a658
300 _a186
546 _aENGLISH
999 _c35118
_d35118